Central Library OPAC University of Rajshahi

Animal species and their evolution / (Record no. 66663)

MARC details
000 -LEADER
fixed length control field 00887nam a2200301 a 4500
001 - CONTROL NUMBER
control field 66663
003 - CONTROL NUMBER IDENTIFIER
rucl marc code BD-RjUL
005 - DATE AND TIME OF LATEST TRANSACTION
control field 20211209081551.0
008 - FIXED-LENGTH DATA ELEMENTS--GENERAL INFORMATION
fixed length control field 170318r19681963enka b 001 0 eng d
020 ## - INTERNATIONAL STANDARD BOOK NUMBER
International Standard Book Number 090207017
International Standard Book Number 090207025
035 ## - SYSTEM CONTROL NUMBER
System control number oxf98415829
System control number (BD-RjUL)66793
040 ## - CATALOGING SOURCE
Original cataloging agency TMN
Transcribing agency TMN
Language of cataloging eng
041 ## - LANGUAGE CODE
Language code of text/sound track or separate title eng
082 ## - DEWEY DECIMAL CLASSIFICATION NUMBER
Edition number 23
Classification number 591.38
Author mark and year CAA 1968
100 1# - MAIN ENTRY--PERSONAL NAME
Personal name Cain, A. J.
Fuller form of name (Arthur James).
9 (RLIN) 197358
245 10 - TITLE STATEMENT
Title Animal species and their evolution /
Statement of responsibility, etc. A.J. Cain
250 ## - EDITION STATEMENT
Edition statement 2nd ed.
260 ## - PUBLICATION, DISTRIBUTION, ETC. (IMPRINT)
Place of publication, distribution, etc. London :
Name of publisher, distributor, etc. Hutchinson,
Date of publication, distribution, etc. 1968.
300 ## - PHYSICAL DESCRIPTION
Pagination 190 p. :
Illustrations ill. ;
Size 19 cm.
490 1# - SERIES STATEMENT
Series statement Hutchinson university library, Biological sciences.
504 ## - BIBLIOGRAPHY, ETC. NOTE
Bibliography, etc Includes bibliographies and indexes.
650 #0 - SUBJECT ADDED ENTRY--TOPICAL TERM
Topical term or geographic name as entry element Evolution
9 (RLIN) 197359
830 #0 - SERIES ADDED ENTRY--UNIFORM TITLE
Uniform title Hutchinson university library, Biological sciences.
942 ## - ADDED ENTRY ELEMENTS (KOHA)
Source of classification or shelving scheme Dewey Decimal Classification
Koha item type Books
Holdings
Lost status Source of classification or shelving scheme Damaged status Not for loan Collection code Permanent Location Current Location Shelving location Date acquired Source of acquisition Cost, normal purchase price Total Checkouts Full call number Date last seen Copy number Koha item type
  Dewey Decimal Classification   Not For Loan Non-fiction Central Library, University of Rajshahi Central Library, University of Rajshahi Reading Room 09/12/2021 Paramount Book. 13.75   591.38 CAA 1968 18/03/2017 C-1 Books